Quiz sur le Football - Statistiques

Statistiques générales
  • Ce quiz a été pris 162 fois
  • Le résultat moyen est 19 sur 20
Statistiques - réponses
Questions Réponses % Correct
Quel pays a remporté la Coupe du Monde de 2018 ? La France
98%
Quel club a remporté le plus de Ligues des Champions ? Le Real Madrid
98%
Combien de joueurs y a-t-il sur le terrain pour une équipe (sans les remplaçants) ? 11
97%
Dans quel pays joue le club du Bayern Munich ? L'Allemagne
97%
Quel pays a remporté le plus de Coupes du Monde ? Le Brésil
97%
Quel poste occupe principalement Kylian Mbappé ? Attaquant
96%
Quel joueur a remporté le Ballon d’Or 2025 ? Ousmane Dembélé
96%
Dans quelle ville se situe le stade San Siro ? Milan
95%
Quel joueur est le meilleur buteur de l’histoire de la Ligue des Champions ? Cristiano Ronaldo
94%
Comment s’appelle le stade du FC Barcelone ? Le Camp Nou
94%
Quelle nation a remporté l’Euro 2024 ? L'Espagne
94%
Quel club français a remporté la Ligue des champions en 1993 ? L'Olympique de Marseille
94%
Quel club est surnommé "Les Red Devils" ? Manchester United
94%
Quel joueur français a marqué deux buts en finale en 1998 ? Zinédine Zidane
94%
Quel joueur est surnommé “La Pulga” ? Lionel Messi
93%
Quel pays a remporté la première Coupe du Monde en 1930 ? L'Uruguay
91%
Quel joueur détient le record de sélections en Équipe de France ? Hugo Lloris
90%
Quel pays a remporté la Coupe du Monde féminine de 2023 ? L'Espagne
87%
Quel joueur détient le record de buts en Coupe du Monde ? Miroslav Klose
77%
Qui était le sélectionneur de l’équipe de France en 1998 ? Aimé Jacquet
76%
Aucun quiz correspondant
Distribution des résultats
% des personnes avec chaque résultat
Percentile par nombre de réponses
Votre historique - résultats
Vous n’avez pas pris ce quiz